000 00882nam a22002177a 4500
999 _c7609
_d7609
003 AR-CdUCM
008 190321b ||||| |||| 00| 0 spa d
040 _aMUNICIPALIDAD PROVINCIAL DEL CUSCO
_cBIBLIOTECA MUNICIPAL DEL CUSCO
082 _a531 /
_bL37
100 _aLeech, J.W.
_921475
245 _aMecanica Clasica /
260 _aMéxico ;
_bUnion Tipografica Editorial Hispano Americana ,
_c1968.
300 _a203 + 11 páginas ;
_c17.5 cm.
440 _aManuales UTEHA
_n189
_921476
505 _aContenido :Conceptos Fundamentales -- Formulacion de Lagrande -- Aplicaciones de las ecuaciones de Lagrande -- Formulación de Hamilton -- Principios Variacionales -- Teoría de Transformacion -- Paréntesis de Poisson...
650 _aFisica General
_921477
650 _aMecánica Relativista
_921478
650 _aFormulacion
_921479
942 _2ddc
_cLIBROS
945 _artm